Tilastot visalle Sanat: "Kyynelten virta" - Reino Nordin

Klikkaa tästä pelataksesi tätä visaa!

Yleistilastot

  • Tätä visaa on pelattu 9 kertaa
  • Keskiarvotulos 180 / 241

Vastaustilastot

% Oikein
Ei
100%
ei
100%
et
100%
ja
100%
Ja
100%
kuinka
100%
Kuinka
100%
vaikka
100%
annoit
80%
Annoit
80%
avasit
80%
en.
80%
enää
80%
hetki,
80%
Hetkiä,
80%
huutaisin,
80%
huutaisin.
80%
ikuisuus,
80%
jo
80%
joita
80%
jonka
80%
kaipuulle.
80%
kaipuulle,
80%
kanssas
80%
katoaa?
80%
kohta
80%
koskaan
80%
koskettaa,
80%
kultareunus
80%
Kultareunus
80%
kun
80%
Kun
80%
kuule,
80%
kylmenee
80%
lääkettä
80%
80%
maailman.
80%
muistoihin,
80%
muistoihin.
80%
mulle
80%
mulle,
80%
Onko
80%
oo
80%
Ootko
80%
paljon
80%
rakastan?
80%
80%
saan?
80%
Saanko
80%
Sanoinko
80%
siellä,
80%
sitä
80%
sua
80%
sulle
80%
sulle,
80%
sun
80%
taas
80%
taistelen
80%
tuun?
80%
unelman,
80%
uskomattoman.
80%
vain
80%
värit
80%
vie
80%
vie.
80%
vielä
80%
viettää
80%
aika
60%
aikanaan,
60%
anteeksi,
60%
elämä
60%
hulluus,
60%
jota
60%
juuri
60%
kaikki
60%
Kaikki
60%
kauneimman.
60%
kuolemaan.
60%
kyynelten
60%
laulun
60%
lupa
60%
matkan
60%
muistan
60%
omistan,
60%
päättyy
60%
palkinto
60%
rakkauteen,
60%
rakkauteen?
60%
sanoneen.
60%
siksi
60%
syntyy
60%
tie
60%
tiet
60%
tuonelaan,
60%
unohtaa?
60%
uskot
60%
virta
60%
Annetaan
40%
eilisen
40%
havisee,
40%
ihmiset
40%
kastelee.
40%
katselee
40%
kauniit
40%
kuivaa
40%
kukat
40%
kyyneleet.
40%
Lehdet
40%
liittyy
40%
luopumaan.
40%
menneisyyden
40%
multa
40%
murheet.
40%
muutut
40%
niin
40%
palaamaan
40%
puissa
40%
pysty
40%
tähdeksi,
40%
kiinni
20%
päivä,
20%
Pidä
20%
Uusi
20%
uusi
20%
joiya
0%

Tulosjakauma

Persentiili vastausten määrän mukaan

Jokaisen tuloksen saaneiden osuus

Tuloshistoriasi

Et ole pelannut tätä visaa